| 000 | 01240cam a22003494a 4500 | ||
|---|---|---|---|
| 999 |
_c21263 _d21263 |
||
| 001 | 15141899 | ||
| 003 | OSt | ||
| 005 | 20200615153029.0 | ||
| 008 | 080114s2008 ii b b 000 0 eng | ||
| 010 | _a 2008307057 | ||
| 020 | _a9780195689365 | ||
| 020 | _a0195689364 | ||
| 025 | _aI-E-2008-307057; 56-92; 69-92 | ||
| 037 |
_bLibrary of Congress -- New Delhi Overseas Office _cRs695.00 |
||
| 040 |
_aDLC _coclc _dDLC |
||
| 042 | _alcode | ||
| 043 | _aa-ii--- | ||
| 050 | 0 | 0 |
_aDS422.C3 _bC3844 2008 |
| 082 |
_a305.51220954 _bDUB/C |
||
| 100 |
_92785 _aDube, Ishita Banerjee |
||
| 245 | 0 | 0 |
_aCaste in history / _c Ishita Banerjee-Dube |
| 260 |
_aNew Delhi : _bOxford University Press, _c2008. |
||
| 300 |
_alxiv, 303 p. : _bmaps ; _c23 cm. |
||
| 490 | 0 | _aOxford in Indian readings. Themes in Indian history | |
| 504 | _aIncludes bibliographical references (p. [283]-301). | ||
| 520 | _aWith reference to India. | ||
| 700 | 1 | _aBanerjee-Dube, Ishita. | |
| 856 | 4 | 1 |
_3Table of contents only _uhttp://www.loc.gov/catdir/toc/fy0803/2008307057.html |
| 906 |
_a7 _bcbc _corigode _d3 _encip _f20 _gy-gencatlg |
||
| 942 |
_2ddc _cBK _h305.51220954 _iDUB/C _k305.51220954 _mDUB/C |
||